|
|
|
|
| LEADER |
00000nam a2200000 i 4500 |
| 001 |
115760 |
| 003 |
CZ ZlUTB |
| 005 |
20260603151038.0 |
| 007 |
ta |
| 008 |
260603s2022 xxua e f 001 0 eng d |
| 020 |
|
|
|a 978-1-66786-170-8
|q (vázáno)
|
| 040 |
|
|
|a ZLD002
|b cze
|e rda
|
| 072 |
|
7 |
|a 77
|x Fotografie. Fotografické postupy
|2 Konspekt
|9 21
|
| 080 |
|
|
|a 778.5(091)
|2 MRF
|
| 080 |
|
|
|a 778.5
|2 MRF
|
| 080 |
|
|
|a 681.772
|2 MRF
|
| 080 |
|
|
|a 681.772.3/.7:004.085
|2 MRF
|
| 080 |
|
|
|a 778.531/.533:004.085
|2 MRF
|
| 080 |
|
|
|a 681.772.3
|2 MRF
|
| 080 |
|
|
|a 778.531/.533
|2 MRF
|
| 080 |
|
|
|a 681.7.067.25
|2 MRF
|
| 080 |
|
|
|a 771.351
|2 MRF
|
| 080 |
|
|
|a (035)
|2 MRF
|
| 100 |
1 |
|
|a Holben, Jay
|4 aut
|
| 245 |
1 |
4 |
|a The cine lens manual :
|b the definitive filmmaker's guide to the design, implementation and history of motion picture optics /
|c Jay Holben, Christopher Probst
|
| 250 |
|
|
|a First published
|
| 264 |
|
1 |
|a Los Angeles :
|b Adakin Production Press,
|c 2022
|
| 300 |
|
|
|a xx, 811 stran :
|b barevné ilustrace ;
|c 29 cm
|
| 336 |
|
|
|a text
|b txt
|2 rdacontent
|
| 337 |
|
|
|a bez média
|b n
|2 rdamedia
|
| 338 |
|
|
|a svazek
|b nc
|2 rdacarrier
|
| 504 |
|
|
|a Obsahuje bibliografické odkazy a rejstřík
|
| 650 |
0 |
7 |
|a dějiny kinematografie
|7 ph433025
|2 czenas
|
| 650 |
0 |
7 |
|a kinematografie
|7 ph114909
|2 czenas
|
| 650 |
0 |
7 |
|a kamery
|7 ph634658
|2 czenas
|
| 650 |
0 |
7 |
|a digitální kamery
|7 ph598018
|2 czenas
|
| 650 |
0 |
7 |
|a filmové kamery
|7 ph598017
|2 czenas
|
| 650 |
0 |
7 |
|a fotografické objektivy
|7 ph465309
|2 czenas
|
| 650 |
0 |
9 |
|a history of cinematography
|2 eczenas
|
| 650 |
0 |
9 |
|a cinematography
|2 eczenas
|
| 650 |
0 |
9 |
|a cameras
|2 eczenas
|
| 650 |
0 |
9 |
|a digital cameras
|2 eczenas
|
| 650 |
0 |
9 |
|a film cameras
|2 eczenas
|
| 650 |
0 |
9 |
|a photographic objectives
|2 eczenas
|
| 655 |
|
7 |
|a příručky
|7 fd133209
|2 czenas
|
| 655 |
|
9 |
|a handbooks and manuals
|2 eczenas
|
| 700 |
1 |
|
|a Probst, Christopher
|4 aut
|
| 910 |
|
|
|a ZLD002
|
| 942 |
|
|
|2 udc
|
| 952 |
|
|
|0 0
|1 0
|4 0
|6 778HOLBENJ
|7 -1
|8 BOOK
|9 191434
|a UTBZL
|b UTBZL
|c 005
|d 2026-06-03
|l 0
|o 778/HOLBEN,J.
|p 420010202260
|r 2026-06-03 15:11:52
|v 3289.00
|w 2026-06-03
|x N:nákup
|y 01
|
| 992 |
|
|
|a BK
|b SKNEW
|
| 999 |
|
|
|c 115760
|d 115760
|